Estadísticas para Anagramas AR2021

Haz click aquí para intentar la prueba.

Estadísticas generales

  • Esta prueba ha sido intentada 110 veces
  • La puntuación promedio es 5 de 7

Estadísticas de respuestas

HintRespuesta% Correcto
SecuelaEscuela
97%
TogasGatos
86%
MilochaMochila
84%
ApañesEspaña
74%
CoralClaro
64%
RamónNorma
63%
TrotadosTostador
57%

Distribución de puntuación

Porcentaje por número respondido

Porcentaje de gente con cada puntuación

Historial de tus puntuaciones

No has intentado esta prueba.